Διαχείριση ποιότητας κατά τη σχεδίαση και ανάπτυξη προϊόντων διπλωματική εργασία
Συγκεκριμενοποίηση της διαχείρισης της ποιότητας κατά τη σχεδίαση και ανάπτυξη προϊόντων και υπηρεσιών. Γίνεται μια διαχειρισιακή προσέγγιση με απώτερο στόχο την αλλαγή της παραδοσιακής νοοτροπίας διαχείρισης της ποιότητας σε μια νέα φιλοσοφία που θα βοηθήσει τη σχεδίαση και το σχεδιασμό να εκτελούν...
Saved in:
| Main Author: | |
|---|---|
| Corporate Author: | |
| Other Authors: | |
| Format: | Thesis Book |
| Language: | Greek |
| Published: |
2006
|
| Subjects: | |
| Online Access: | http://hdl.handle.net/11610/9223 |
| Tags: |
Add Tag
No Tags, Be the first to tag this record!
|
MARC
| LEADER | 00000cam a2200000 i 4500 | ||
|---|---|---|---|
| 001 | 1/44439 | ||
| 008 | 070516s2006 gre d | ||
| 035 | |l 10087858 | ||
| 040 | |a GR-MY-UA |b gre |e aacr | ||
| 041 | 0 | |a gre | |
| 082 | 0 | |a 658.562 |2 (22) | |
| 100 | 1 | |a Νιάρη, Παρασκευή. | |
| 245 | 1 | 0 | |a Διαχείριση ποιότητας κατά τη σχεδίαση και ανάπτυξη προϊόντων / υπηρεσιών : |b διπλωματική εργασία / |c Νιάρη Παρασκευή ; Εξεταστική επιτροπή: Δαρζέντας Ιωάννης (επιβλέπων), Παπαδόπουλος Χρυσολέων, Σταθάκης Γεώργιος |
| 260 | |c 2006 | ||
| 300 | |a 191 φύλλα; |c 30 εκ. | ||
| 500 | |a Διάθεση μόνο τίτλου και λέξεων κλειδιών - περιλήψεων | ||
| 500 | |a Περιορισμός στην πρόσβαση του ηλεκτρονικού υλικού (μόνο από μέλη του Πανεπιστημίου) | ||
| 502 | |a Πτυχιακή εργασία - Πανεπιστήμιο Αιγαίου, Σύρος, 2006. | ||
| 504 | |a Βιβλιογραφία: (σ. 189-191) | ||
| 520 | |a Συγκεκριμενοποίηση της διαχείρισης της ποιότητας κατά τη σχεδίαση και ανάπτυξη προϊόντων και υπηρεσιών. Γίνεται μια διαχειρισιακή προσέγγιση με απώτερο στόχο την αλλαγή της παραδοσιακής νοοτροπίας διαχείρισης της ποιότητας σε μια νέα φιλοσοφία που θα βοηθήσει τη σχεδίαση και το σχεδιασμό να εκτελούνται ποιοτικά. Γίνεται μια συσχέτιση της έννοιας της ποιότητας με την έννοια της σχεδίασης και πως αυτά τα δύο τελικά αλληλοεξαρτώνται. Η παρουσίαση προτύπων ποιότητας και η εφαρμογή τους σε μία επιχείρηση επιτυγχάνει τον παραπάνω στόχο. Η ανάλυση επίσης βασικών εννοιών όπως ο έλεγχος, η βελτίωση ποιότητας και η διοίκησή της επικεντρώνεται στη σχεδίαση και ανάπτυξη προϊόντων και υπηρεσιών. | ||
| 650 | 0 | 0 | |a Total quality management. |
| 650 | 0 | 0 | |a Production management |x Quality control. |
| 650 | 0 | 0 | |a Quality function deployment. |
| 650 | 0 | 0 | |a Dissertations, Academic |z Greece. |
| 700 | 1 | |a Δαρζέντας, Ιωάννης. |4 ths | |
| 710 | 2 | |a Πανεπιστήμιο Αιγαίου. |b Τμήμα Μηχανικών Σχεδίασης Προϊόντων και Συστημάτων. | |
| 852 | |a INST |b SYROS |c DIATR |e 20070516 |h 658.562 ΝΙΑ |p 005500007345 |q 005500007345 |t DIE |y 23 | ||
| 852 | |a INST |b SYROS |c DIATR |e 20070516 |h 658.562 ΝΙΑ |p 005500007387 |q 005500007387 |t DIE |y 23 | ||
| 856 | |u http://hdl.handle.net/11610/9223 | ||
| 901 | |a BIBL5-2007-2 | ||
| 909 | |a Ε |b 133048 | ||
| 909 | |a Ε |b 133049 | ||
| 924 | |a ΝΙΑΡΗ |b ΠΑΡΑΣΚΕΥΗ |y ΣΥΡΟΣ |z 2006-06 | ||
| 970 | |a ΚΟΝΤΟΥ |b ΠΑΡΑΣΚΕΥΗ |z 2007/05/16 | ||